00623 2200217 4500001002100000005001500021035002000036007000300056008004100059020001600100082001000116084001700126100001300143245006200156260004600218300003100264650003800295650002300333650002400356650002500380INLIS00000000000108920241028090620 a0010-1024000059ta241028 g 0 ind  a8405-1:2017 a630.7 a630.7 HER m0 aHerawati1 aMateri Penyuluhan Standar Instrumen Pertanian /cHerawati aSulawesi Tengah :bPertanian Press,c2023 a83 hlm, ;c21 cm X 29,5 cm 4aBibit Ayam Umur Sehari/Kuri KUB-1 4aBenih Padi Inbrida 4aBawang Merah Goreng 4aMinyak Kelapa Virgin